Карта Бэй-Шаня и Нань-Шаня (Запись № 12423152)

Подробности
000 -МАРКЕР
контрольное поле 02296nem0a2200337 4500
001 - ИДЕНТИФИКАТОР ЗАПИСИ
контрольное поле RU\NLR\BIBL_A\012548852
005 - ИДЕНТИФИКАТОР ВЕРСИИ
контрольное поле 20250624063600.0
035 ## - ДРУГИЕ СИСТЕМНЫЕ НОМЕРА
Идентификатор записи (NLR Aleph) 012548852
100 ## - ДАННЫЕ ОБЩЕЙ ОБРАБОТКИ
Данные общей обработки 20210617d1899 |||y0rusy50 ca
101 0# - ЯЗЫК РЕСУРСА
Язык текста, звукозаписи и т.д. русский
102 ## - СТРАНА ПУБЛИКАЦИИ ИЛИ ПРОИЗВОДСТВА
Страна публикации Российская Федерация
120 ## - ПОЛЕ КОДИРОВАННЫХ ДАННЫХ: КАРТОГРАФИЧЕСКИЕ МАТЕРИАЛЫ - ОБЩИЕ ХАРАКТЕРИСТИКИ
Кодированные данные о картографическом материале (общие) byy xx||
123 1# - ПОЛЕ КОДИРОВАННЫХ ДАННЫХ: КАРТОГРАФИЧЕСКИЕ МАТЕРИАЛЫ - МАСШТАБ И КООРДИНАТЫ
Тип масштаба а
Постоянное отношение линейного горизонтального масштаба 1680000
200 1# - ЗАГЛАВИЕ И СВЕДЕНИЯ ОБ ОТВЕТСТВЕННОСТИ
Основное заглавие Карта Бэй-Шаня и Нань-Шаня
Общее обозначение материала Карты
Первые сведения об ответственности составлена по новейшим сведениям маршрутной съемки М. Е. Грум-Гржимайло, произведенной в 1889-90 г.
Последующие сведения об ответственности под редакц. ген.-м. Большева
206 ## - ОБЛАСТЬ СПЕЦИФИЧЕСКИХ СВЕДЕНИЙ: КАРТОГРАФИЧЕСКИЕ МАТЕРИАЛЫ - МАТЕМАТИЧЕСКИЕ ДАННЫЕ
Сведения о математических данных 1:1 680 000, 40 верст в 1 дюйме (16,8 км в 1 см)
210 ## - ПУБЛИКАЦИЯ, РАСПРОСТРАНЕНИЕ И ДР.
Место издания, распространения и т.д. [Санкт-Петербург]
Имя издателя, распространителя и т. д. Военно-топографический отдел Главного штаба
Дата издания, распространения и т.д. [1899]
215 ## - ФИЗИЧЕСКАЯ ХАРАКТЕРИСТИКА
Специфическое обозначение материала и объем 1 к
Другие сведения о физической характеристике цв.
Размеры 60х65 см
300 ## - ОБЩИЕ ПРИМЕЧАНИЯ
Текст примечания Из изд.: Описание путешествия в Западный Китай / составлено Г. Е. Грум-Гржимайло - Т. 2. Поперек Бэй-шаня и Нань-шаня в долину Желтой реки. - С.-Петербург : издание Императорского Русского географического общества, 1899
509 01 - ЗАГОЛОВОК -СТРУКТУРИРОВАННОЕ ГЕОГРАФИЧЕСКОЕ ИЛИ ТЕМАТИЧЕСКОЕ НАИМЕНОВАНИЕ
Графика поля Кириллица
Географическое / тематическое наименование – начальный элемент ввода Бэйшань,
Идентифицирующий признак – географическая принадлежность Китай, зап. часть
Географический термин нагорье,
Системный номер авторитетной/нормативной записи 2638740
Идентификатор авторитетной / нормативной записи RU\NLR\AUTH\5507768
509 01 - ЗАГОЛОВОК -СТРУКТУРИРОВАННОЕ ГЕОГРАФИЧЕСКОЕ ИЛИ ТЕМАТИЧЕСКОЕ НАИМЕНОВАНИЕ
Графика поля Кириллица
Географическое / тематическое наименование – начальный элемент ввода Наньшань,
Идентифицирующий признак – географическая принадлежность Китай, зап. часть
Географический термин горная система
Системный номер авторитетной/нормативной записи 2638741
Идентификатор авторитетной / нормативной записи RU\NLR\AUTH\5507769
606 1# - НАИМЕНОВАНИЕ ТЕМЫ КАК ПРЕДМЕТ
Наименование темы Путешествия русские
Формальный подзаголовок Карты
Хронологический подзаголовок 19 в.
Системный номер авторитетной/нормативной записи 2268349
Идентификатор авторитетной/нормативной записи RU\NLR\AUTH\661359693
608 ## - ФОРМА, ЖАНР, ФИЗИЧЕСКИЕ ХАРАКТЕРИСТИКИ ДОКУМЕНТА КАК ТОЧКА ДОСТУПА
Начальный элемент ввода Общегеографические карты мелкомасштабные
Системный номер авторитетной/нормативной записи 2622600
Идентификатор авторитетной/нормативной записи RU\NLR\AUTH\661559160
702 #1 - ИМЯ ЛИЦА - ВТОРИЧНАЯ ОТВЕТСТВЕННОСТЬ
Начальный элемент ввода Большев
Часть имени, кроме начального элемента ввода А. А.
Даты 1828-1904
Расширение инициалов личного имени Андрей Александрович
Код отношения Редактор
702 #1 - ИМЯ ЛИЦА - ВТОРИЧНАЯ ОТВЕТСТВЕННОСТЬ
Начальный элемент ввода Грум-Гржимайло
Часть имени, кроме начального элемента ввода М. Е.
Римские цифры 1861-1921
Даты Михаил Ефимович
702 #1 - ИМЯ ЛИЦА - ВТОРИЧНАЯ ОТВЕТСТВЕННОСТЬ
Начальный элемент ввода Грум-Гржимайло
Часть имени, кроме начального элемента ввода Г. Е.
Даты 1860-1936
Расширение инициалов личного имени Григорий Ефимович
712 02 - НАИМЕНОВАНИЕ ОРГАНИЗАЦИИ - ВТОРИЧНАЯ ОТВЕТСТВЕННОСТЬ
Начальный элемент ввода Военно-топографический отдел Главного штаба
Идентифицирующий признак Санкт-Петербург
Код отношения Издатель
852 ## - МЕСТОНАХОЖДЕНИЕ И ШИФР ХРАНЕНИЯ
Идентификатор организации NLR
Наименование фонда или коллекции (Sub-Location Identifier) К
Шифр хранения (Call Number) 3-ЦАз 2/48
Идентификатор единицы 79681
942 ## - ДОПОЛНИТЕЛЬНЫЕ ЭЛЕМЕНТЫ ЗАПИСИ (АБИС)
Тип экземпляра АБИС Карта
980 ## - КОЛЛЕКЦИЯ
Название коллекции Национальная библиография

Нет доступных экземпляров.